00581 2200229 4500001002100000005001500021035002000036008004100056245004900097100001400146250001000160260003700170300002800207020002200235084002000257082001400277650002000291990001000311990001000321990001000331990001000341INLIS00000000001204520260424105756 a0010-0426000016260424 g 1 ind 1 aPara bajingan yang menyenangkan /cPuthut EA aPuthut EA aCet.7 aYogyakarta :bMojok Group,c2016 avi, 178 hlm ;c13x20 cm a978-623-7284-18-5 a899.221 3 PUT p a899.221 3 4aFiksi Indonesia a58255 a58256 a58257 a58258